Welcome to the Holygrace Academy Library

Please use search bar below to get started

FULL HOUSE MICHELLE, MY HO HO HORRIBLE X'MAS (Record no. 7276)

MARC details
000 -LEADER
fixed length control field 00306nam a22001217a 4500
082 ## - DEWEY DECIMAL CLASSIFICATION NUMBER
Classification number 823
Item number PAN/F
100 ## - MAIN ENTRY--AUTHOR NAME
Personal name PREISS, PANLINE
245 ## - TITLE STATEMENT
Title FULL HOUSE MICHELLE, MY HO HO HORRIBLE X'MAS
260 ## - PUBLICATION, DISTRIBUTION, ETC. (IMPRINT)
Place of publication UNITED KINGDOM
Name of publisher POCKET BOOKS
Year of publication 1997
300 ## - PHYSICAL DESCRIPTION
Number of Pages 87
650 ## - SUBJECT ADDED ENTRY--TOPICAL TERM
Topical Term ENGLISH STORY
Geographic subdivision POCKET BOOKS
942 ## - ADDED ENTRY ELEMENTS (KOHA)
Koha item type Books
Holdings
Withdrawn status Lost status Collection code Home library Current library Date acquired Source of acquisition Cost, normal purchase price Full call number Accession Number Koha item type
Withdrawn Damaged Item Fiction Main Library Main Library 09/03/2002 purchase 75.00 823 PAN/F 00179 Books